| 000 | 01080nac a22003137a 4500 | ||
|---|---|---|---|
| 001 | BR7702162 | ||
| 003 | BR-BrBNA | ||
| 005 | 20240105114043.0 | ||
| 008 | 230509b bl.|||m| |||| 00| 0 por d | ||
| 040 |
_aBR-BrBNA _bpor _cBiblioteca Nacional de Agricultura |
||
| 072 | _aE15 | ||
| 090 | _a1100 BR7702162 | ||
| 110 | 1 | _aSubsecretaria de Planejamento e Orcamento, Brasilia, DF (Brasil) | |
| 245 | 1 | _aPara: area, quantidade e valor da producao, 1947/73 [Fruta tropical; Cereal; Planta oleaginosa; Fruta citrica; Estatistica de producao; Brasil] | |
| 260 | 3 |
_aBrasilia, DF (Brasil): _cJun 1977. |
|
| 300 | _a27 p. | ||
| 490 |
_aSerie Estatisticas Agropecuarias - Subsecretaria de Planejamento e Orcamento (Brazil) _vv. 4(3) _x |
||
| 500 | _aNumerical data | ||
| 650 | _aMICROECONOMIA | ||
| 650 | _aFRUTA TROPICAL | ||
| 650 | _aCEREAL | ||
| 650 | _aPLANTA OLEAGINOSA | ||
| 650 | _aFRUTA CITRICA | ||
| 650 | _aESTATISTICA DE PRODUCAO | ||
| 650 | _aCUSTO DE PRODUCAO | ||
| 650 | _aPARA | ||
| 909 |
_a202312 _bLúcia Elande _c55 _dLúcia Elande |
||
| 942 |
_2AGRIS _n0 _cMS |
||
| 999 |
_c267121 _d267121 |
||